Dream SMP Members - Statistics

General Stats
  • This quiz has been taken 14 times
  • The average score is 15 of 38
Answer Stats
Answer % Correct
Dream
100%
GeorgeNotFound
100%
Sapnap
89%
TommyInnit
78%
BadBoyHalo
67%
CaptainPuffy
56%
DropsByPonk
56%
KarlJacobs
56%
Ranboo
56%
Skeppy
56%
Technoblade
56%
Tubbo
56%
Wilbur Soot
56%
Antfrost
44%
AwesamDude
44%
Callahan
44%
Nihachu
44%
Philza
44%
Punz
44%
Eret
33%
Hannahxxrose
33%
Purpled
33%
Quackity
33%
Aimsey
22%
ConnorEatsPants
22%
FoolishG
22%
Fundy
22%
HBomb
22%
Jack Manifold
22%
Jschlatt
22%
LazarBeam
22%
Vikkstar
22%
BoomerNA
11%
Eryn
11%
Michaelmcchill
11%
Seapeekay
11%
TinaKitten
11%
Slimesicle
0%
No matching quizzes found
Score Distribution
Percent of People with Each Score
Percentile by Number Answered
Your Score History
You have not taken this quiz